Dune - Litany against fear quiz - Statistics

General Stats
  • This quiz has been taken 317 times
  • The average score is 40 of 61
Answer Stats
Answer % Correct
fear
99%
Fear
99%
Fear
99%
fear
99%
fear
99%
I
98%
I
98%
I
98%
I
98%
I
98%
the
98%
the
98%
the
98%
the
98%
is
97%
is
97%
not
94%
mind-killer
80%
must
80%
will
78%
will
78%
will
78%
will
78%
will
78%
that
66%
to
65%
to
65%
me
62%
me
62%
and
59%
And
59%
pass
59%
brings
58%
through
58%
little-death
57%
total
57%
it
56%
it
56%
remain
56%
obliteration
53%
Only
53%
over
51%
my
49%
when
49%
face
47%
gone
46%
gone
46%
has
42%
has
42%
permit
40%
be
38%
eye
34%
inner
33%
turn
32%
nothing
31%
see
31%
path
30%
its
29%
there
29%
past
26%
Where
24%
No matching quizzes found
Score Distribution
Percent of People with Each Score
Percentile by Number Answered
Your Score History
You have not taken this quiz